000 00344nam a2200133Ia 4500
008 240624s9999 xx 000 0 und d
041 _aeng
082 _a004.6 MIL
100 _aMILLER BRENT A
245 _aBLUETOOTH REVEALED THE INSIDER S GUIDE T
260 _c2001
_aDelhi
_bPearson Education
300 _axv, : 303, : 24 : cm.
365 _cRS
999 _c1825
_d1825